• 首页
  • 本馆介绍
  • 公告通知
  • 最新文献
  • 馆藏检索
  • 电子资源
  • 读者导购
  • 参考咨询
  • 我的图书馆
  • 登录
  • 详细信息显示
  • 放入我的书架
  • 预约/预借图书
  • 作者相关作品
  • 分类相关作品
  • 丛书相关作品
  • 出版社相关作品

书目信息

  • 表格格式
  • 工作单格式
  • 卡片格式
题名:
体育用数据处理方法
    
 
作者: 刘学贞 编著
分册:  
出版信息: 北京   北京体育大学出版社  2001
页数: 241页
开本: 19cm
丛书名:
单 册:
中图分类: G80-32
科图分类:
主题词: 体育--数据处理--方法
电子资源:
ISBN: 7-81051-653-1
000 00578nam0 2200193 45
001 0310261779
005 20031219104120.7
010    @a7-81051-653-1@dCNY14.00
100    @a20031026d2001 km y0chiy0120 ea
101 0  @achi
105    @a z 000yy
200 1  @a体育用数据处理方法@ATi Yu Yong Shu Ju Chu Li Fang Fa@f刘学贞编著@FLiu Xue Zhen Bian Zhu
210    @a北京@c北京体育大学出版社@d2001
215    @a241页@d19cm
606 0  @a体育@x数据处理@x方法
690    @aG80-32@v4
701    @a刘学贞@4编著
801    @aCN@bTSTC@c20031026
905    @b327335-339@a213230@dG80-32@e117@f5
    
    体育用数据处理方法/刘学贞编著.-北京:北京体育大学出版社,2001
    241页;19cm
    
    
    ISBN 7-81051-653-1:CNY14.00
    
●
相关链接 在E读中查询图书 在五车中查询图书 在当当中查询图书 在豆瓣中查询图书


正题名:体育用数据处理方法     索取号:G80-32/117         预约/预借

序号 登录号 条形码 馆藏地/架位号 状态 备注
1 0327335   203273359   第四借阅区/ [索取号:G80-32/117] 在馆    
2 0327336   203273368   第四借阅区/ [索取号:G80-32/117] 在馆    
3 0327337   203273377   第四借阅区/ [索取号:G80-32/117] 在馆    
4 0327338   203273386   第四借阅区/ [索取号:G80-32/117] 在馆    
5 0327339   203273395   第一样本阅览室/ [索取号:G80-32/117] 在馆    
唐山师范学院图书馆 欢迎您!
大连网信软件有限公司© 版权所有